000 00868cpcaa2200265 4500
001 mm 79000475
003 DLC
005 20260227111631.0
008 790403|||||||||||| eng
010 _amm 79000475
040 _aDLC
_cDLC
_edacs
_dDLC
072 7 _aL
_2lcmd
100 1 _aChase, Philander,
_d1775-1852.
245 0 0 _aPhilander Chase papers,
_f1838-1852.
300 _a3
_fitems.
506 0 _aOpen to research.
533 _aIn part, positive photocopy.
_b[S.l.].
545 0 _aClergyman and educator.
546 _aCollection material in English.
580 _aForms part of: Miscellaneous Manuscripts collection.
656 7 _aClergy.
_2itoamc
656 7 _aEducators.
_2itoamc
999 _c40416
_d40416